000 00532nam a22002052i 4500
999 _c7131
_d7131
001 7131
003 UkOxU
005 20180517082141.0
008 500101s1955 xxk j 000 0 eng d
035 _aOCLC ocm30164514 from D950120M
040 _aUKM
_cUKM
_dEQO
041 _aeng
082 _a823.91
082 _a823.91
_218
_bAND 1955
100 1 _aAndreae, Brian.
245 1 4 _aThe double trap /
_cBrian Andreae illustrated by R.G. Campbell
260 _aBlackie,
_c1955
300 _a220 p. :
_bill. ;
_c20 cm
942 _2ddc
_cBK